A grammar of Shakespeare's language / (Record no. 131)
[ view plain ]
| 000 -LEADER | |
|---|---|
| fixed length control field | 00633nam a2200193 a 4500 |
| 001 - CONTROL NUMBER | |
| control field | 3378531 |
| 005 - DATE AND TIME OF LATEST TRANSACTION | |
| control field | 20200421093820.0 |
| 008 - FIXED-LENGTH DATA ELEMENTS--GENERAL INFORMATION | |
| fixed length control field | 020117s2002 enk b 001 0 eng d |
| 016 00 - NATIONAL BIBLIOGRAPHIC AGENCY CONTROL NUMBER | |
| Record control number | 100=USNAF preferred |
| 020 ## - INTERNATIONAL STANDARD BOOK NUMBER | |
| International Standard Book Number | 0333725913 |
| 100 1# - MAIN ENTRY--PERSONAL NAME | |
| Personal name | Blake, N. F. |
| Fuller form of name | (Norman Francis) |
| 9 (RLIN) | 152 |
| 245 12 - TITLE STATEMENT | |
| Title | A grammar of Shakespeare's language / |
| Statement of responsibility, etc. | N.F. Blake. |
| 260 ## - PUBLICATION, DISTRIBUTION, ETC. | |
| Place of publication, distribution, etc. | Houndmills : |
| Name of publisher, distributor, etc. | Palgrave, |
| Date of publication, distribution, etc. | 2002. |
| 300 ## - PHYSICAL DESCRIPTION | |
| Extent | xvi, 406 p. ; |
| Dimensions | 23 cm. |
| 504 ## - BIBLIOGRAPHY, ETC. NOTE | |
| Bibliography, etc. note | Includes bibliography and indexes. |
| 600 10 - SUBJECT ADDED ENTRY--PERSONAL NAME | |
| Personal name | Shakespeare, William, |
| Dates associated with a name | 1564-1616 |
| General subdivision | Language. |
| 9 (RLIN) | 769 |
| 650 #0 - SUBJECT ADDED ENTRY--TOPICAL TERM | |
| Topical term or geographic name entry element | English language |
| Chronological subdivision | Early modern, 1500-1700 |
| General subdivision | Grammar. |
| 9 (RLIN) | 770 |
| 942 ## - ADDED ENTRY ELEMENTS (KOHA) | |
| Source of classification or shelving scheme | Dewey Decimal Classification |
| Koha item type | Books |
| Withdrawn status | Lost status | Damaged status | Not for loan | Collection | Home library | Current library | Shelving location | Date acquired | Barcode | Date last seen | Price effective from | Koha item type |
|---|---|---|---|---|---|---|---|---|---|---|---|---|
| Reference | Centerville | Centerville | General stacks | 09/04/2014 | 39999000005417 | 09/04/2014 | 09/04/2014 | Books | ||||
| Reference | Centerville | Centerville | General stacks | 09/04/2014 | 39999000005455 | 09/04/2014 | 09/04/2014 | Books | ||||
| Reference | Midway | Midway | General stacks | 09/04/2014 | 39999000005431 | 09/04/2014 | 09/04/2014 | Books |